| 000 | 00770nam a22002417a 4500 | ||
|---|---|---|---|
| 005 | 20170124110022.0 | ||
| 010 | _aA-822616 | ||
| 020 |
_c00.00 _a8173590915 |
||
| 035 | _aA-822616 | ||
| 037 | _bCen Lib/Ret | ||
| 040 |
_aDPL _bEN |
||
| 082 |
_a658.4013 _bMOO |
||
| 100 |
_aMoores, Roger _919900 |
||
| 245 |
_aManaging for high performence : _ba practical guide / _cby Roger Moores |
||
| 260 |
_aNew Delhi _bSterling Publishers Private Limited _c1996 |
||
| 270 |
_a L-10, Green Park _bNew Delhi _e110016 |
||
| 300 |
_avi,153p. : _b20cm(Hb) _cill. |
||
| 490 | _aSIT Management Series | ||
| 500 | _aIncludes bibliographical references. | ||
| 650 |
_aManagement _93072 |
||
| 650 |
_aGeneral management _916441 |
||
| 942 |
_2ddc _cEN _h658.4013 _mMOO |
||
| 999 |
_c127247 _d127247 |
||